[Event "World Amateur-ch U2000"]
[Site "Muscat"]
[Date "2023.11.07"]
[Round "6.19"]
[White "Novruzov, Emin"]
[Black "Zielinski, Olgierd"]
[Result "1/2-1/2"]
[WhiteElo "1961"]
[BlackElo "1824"]
[PlyCount "90"]
[EventDate "2023.11.02"]
[EventType "swiss"]
[EventRounds "9"]
[EventCountry "OMN"]
[SourceTitle "CB46_2023"]
[SourceDate "2023.11.15"]
[SourceVersion "1"]
[SourceVersionDate "2023.11.15"]
[SourceQuality "1"]

1. d4 Nf6 2. Bf4 d5 3. e3 c5 4. c3 e6 5. Nd2 cxd4 6. exd4 Nc6 7. Ngf3 Nh5 8. Be3 Bd6 9. Ne5 Nf6 10. f4 Qb6 11. Qb3 0-0 12. Bd3 Nd7 13. Ndf3 f6 14. Nxd7 Bxd7 15. Qxb6 axb6 16. 0-0 Na5 17. b3 Rfc8 18. Bd2 Ra7 19. Rae1 b5 20. Rc1 b6 21. g4 g6 22. h4 Nb7 23. Rc2 Rca8 24. Ra1 Ra3 25. Bc1 R3a7 26. g5 fxg5 27. hxg5 Na5 28. Rb1 Nb7 29. Ra1 Rc8 30. Be3 Na5 31. Rb1 Rac7 32. Bd2 Kg7 33. Ne5 Be8 34. Rbc1 Ba3 35. Rd1 Bd6 36. Rdc1 Be7 37. Kf2 Nc6 38. Nxc6 Bxc6 39. b4 Ra8 40. Rb2 Rca7 41. Bb1 Ra3 42. Rf1 Bd6 43. Kg2 Rf8 44. Rc2 Ra7 45. Bc1 Raf7 1/2-1/2

[Event "World Amateur-ch U2000"]
[Site "Muscat"]
[Date "2023.11.02"]
[Round "1.5"]
[White "Novruzov, Emin"]
[Black "Ravil, Pernekhan"]
[Result "1-0"]
[WhiteElo "1961"]
[BlackElo "1764"]
[PlyCount "145"]
[EventDate "2023.11.02"]
[EventType "swiss"]
[EventRounds "9"]
[EventCountry "OMN"]
[SourceTitle "CB46_2023"]
[SourceDate "2023.11.15"]
[SourceVersion "1"]
[SourceVersionDate "2023.11.15"]
[SourceQuality "1"]

1. e4 c6 2. d4 d5 3. exd5 cxd5 4. Bd3 Nf6 5. h3 g6 6. Nf3 Qc7 7. Nc3 Bf5 8. Nb5 Qb6 9. Bf4 Na6 10. 0-0 Bg7 11. Re1 Be4 12. c3 0-0 13. Bf1 h6 14. Nd2 g5 15. Bh2 Rfe8 16. Nxe4 Nxe4 17. f3 Nf6 18. Qb3 e6 19. Nd6 Reb8 20. Qxb6 axb6 21. g4 Ne8 22. Nb5 Rc8 23. Bg3 Nac7 24. Nxc7 Nxc7 25. h4 Ne8 26. hxg5 hxg5 27. Bd3 Rc6 28. Bb5 Rcc8 29. Kf2 Rd8 30. Be5 Nd6 31. Bd3 Rac8 32. Re2 Nc4 33. Bg3 Bf6 34. Rh1 Re8 35. Rh5 Kf8 36. Bxc4 Rxc4 37. Bd6+ Kg7 38. Be5 Kg6 39. Kg3 Be7 40. Reh2 Bf8 41. Kf2 f6 42. Bg3 Bg7 43. f4 gxf4 44. Bxf4 e5 45. Be3 Rc6 46. dxe5 Rxe5 47. Bd4 Re4 48. Rxd5 Rce6 49. Kf3 Bh6 50. Rf5 Bg5 51. Bxb6 Ra4 52. b3 Rxg4 53. Kxg4 Re4+ 54. Kf3 Kxf5 55. Rh7 Rf4+ 56. Ke2 Rg4 57. a4 Bf4 58. Rxb7 Be5 59. Bd4 Ke4 60. Bxe5 Kxe5 61. a5 Rg3 62. a6 Rxc3 63. a7 Rc2+ 64. Kd3 Ra2 65. b4 f5 66. Rb5+ Kd6 67. Ra5 Rxa5 68. bxa5 Kc7 69. a8Q Kd6 70. Kd4 Ke6 71. Qd5+ Kf6 72. a6 Kg5 73. a7 1-0

[Event "AZE-ch 74th"]
[Site "Baku"]
[Date "2019.01.23"]
[Round "8"]
[White "Ilyasli, Ughur"]
[Black "Novruzov, Emin"]
[Result "1-0"]
[WhiteElo "2148"]
[BlackElo "1910"]
[PlyCount "55"]
[EventDate "2019.01.16"]
[EventType "swiss"]
[EventRounds "9"]
[EventCountry "AZE"]
[SourceTitle "CBM 188 Extra"]
[Source "ChessBase"]
[SourceDate "2019.02.26"]
[SourceVersion "1"]
[SourceVersionDate "2019.02.26"]
[SourceQuality "1"]

1. d4 c5 2. d5 b5 3. e4 a6 4. a4 b4 5. c4 bxc3 6. Nxc3 d6 7. Nf3 g6 8. Nd2 Bg7 9. Nc4 a5 10. Bd3 Na6 11. 0-0 Nb4 12. f4 Nxd3 13. Qxd3 Nh6 14. f5 Ng4 15. Qf3 Bd4+ 16. Kh1 gxf5 17. exf5 Rg8 18. Bf4 Bxc3 19. Qxc3 Ba6 20. Rae1 Kd7 21. f6 exf6 22. h3 Ne5 23. Bxe5 dxe5 24. Nxe5+ fxe5 25. Rxf7+ Kc8 26. Qxc5+ Kb8 27. Re3 Bb7 28. Rxb7+ 1-0

[Event "AZE-ch 74th"]
[Site "Baku"]
[Date "2019.01.17"]
[Round "2"]
[White "Novruzov, Emin"]
[Black "Shahaliyev, Ismayil Bahram"]
[Result "0-1"]
[WhiteElo "1910"]
[BlackElo "2389"]
[PlyCount "90"]
[EventDate "2019.01.16"]
[EventType "swiss"]
[EventRounds "9"]
[EventCountry "AZE"]
[SourceTitle "CBM 188 Extra"]
[Source "ChessBase"]
[SourceDate "2019.02.26"]
[SourceVersion "1"]
[SourceVersionDate "2019.02.26"]
[SourceQuality "1"]

1. e4 e6 2. d3 d5 3. Nd2 Nf6 4. Ngf3 a5 5. Be2 a4 6. c3 c5 7. exd5 exd5 8. 0-0 Be7 9. b3 axb3 10. Nxb3 0-0 11. Bg5 Nc6 12. Qd2 b6 13. Rfe1 Be6 14. Bd1 Ra3 15. Rb1 Qa8 16. Nc1 Qa5 17. Rb3 Ra8 18. Qb2 Rxb3 19. axb3 b5 20. Qd2 h6 21. Bh4 d4 22. c4 Qxd2 23. Nxd2 Ra1 24. Bf3 Nb4 25. Rd1 bxc4 26. bxc4 g5 27. Bg3 Nd7 28. Be2 Nb6 29. Ndb3 Rb1 30. Nd2 Ra1 31. Ndb3 Ra3 32. f4 Na4 33. Bf1 Nb2 34. Rd2 N2xd3 35. Bxd3 Nxd3 36. Nxd3 Rxb3 37. Ne5 Bf6 38. Kf2 Rc3 39. Ra2 Bxc4 40. Ra8+ Kg7 41. Nd7 Rc2+ 42. Ke1 d3 43. Nxf6 Re2+ 44. Kf1 d2 45. Nh5+ Kg6 0-1